Größte Exporteure von Röntgengeräten auf der Welt - Statistiken

Allgemein
  • Dieses Quiz wurde 57 mal gespielt
  • Das Durchschnittsergebnis liegt bei 8 aus 10
Antwortstatistiken
Exporte (in Mio. €) Land Weltmarkanteil % Korrekt
1.450 China 7,3%
100%
4.578 Deutschland 23,1%
100%
3.647 USA 18,4%
100%
1.210 Frankreich 6,1%
89%
390 Italien 2,0%
89%
1.527 Japan 7,7%
86%
982 Großbritannien 5,0%
71%
577 Südkorea 2,9%
68%
1.683 Niederlande 8,5%
57%
584 Singapur 3,0%
23%
Keine übereinstimmenden Quizze gefunden
Verteilung der Resultate
Anzahl Personen mit jedem Resultat
Perzentil nach korrekt beantworteten Fragen
Ihre Resultats-Entwicklung
Sie haben dieses Quiz noch nicht gespielt